[Event "Novosibirsk Sukharev Memorial op"]
[Site "Novosibirsk"]
[Date "2012.07.19"]
[Round "2"]
[White "Zinoviev, Sergey"]
[Black "Vasiliev, Igor2222"]
[Result "1/2-1/2"]
[WhiteElo "2118"]
[BlackElo "1732"]
[PlyCount "61"]
[EventDate "2012.07.18"]
[EventType "swiss"]
[EventRounds "9"]
[EventCountry "RUS"]
[SourceTitle "EXT 2013"]
[Source "ChessBase"]
[SourceDate "2012.11.22"]
[SourceVersion "1"]
[SourceVersionDate "2012.11.22"]
[SourceQuality "1"]

1. e4 d5 2. exd5 Nf6 3. d4 Nxd5 4. Nf3 Bg4 5. Be2 e6 6. 0-0 Be7 7. c4 Nf6 8. Be3 0-0 9. Qb3 b6 10. h3 Bh5 11. Nc3 Nbd7 12. Rad1 Rc8 13. Rfe1 c6 14. Ne5 Bxe2 15. Rxe2 Qc7 16. Nf3 Rfd8 17. Red2 Nf8 18. Qc2 Bb4 19. Rd3 Bxc3 20. Rxc3 Ng6 21. Ng5 Nh4 22. Ne4 Nxe4 23. Qxe4 Nf5 24. Bf4 Qd7 25. Rcd3 Nd6 26. Bxd6 Qxd6 27. d5 cxd5 28. cxd5 exd5 29. Rxd5 Qc7 30. Rxd8+ Rxd8 31. Rxd8+ 1/2-1/2

[Event "Novosibirsk op"]
[Site "Novosibirsk"]
[Date "2001.07.27"]
[Round "9"]
[White "Zinoviev, Sergey"]
[Black "Novikova, Anna"]
[Result "0-1"]
[WhiteElo "2098"]
[BlackElo "2211"]
[PlyCount "62"]
[EventDate "2001.07.18"]
[EventType "swiss"]
[EventRounds "11"]
[EventCountry "RUS"]
[SourceTitle "CBM 083 Extra"]
[Source "ChessBase"]
[SourceDate "2001.09.11"]
[SourceVersion "1"]
[SourceVersionDate "2001.09.11"]
[SourceQuality "1"]

1. e4 c5 2. Nf3 e6 3. d4 cxd4 4. Nxd4 Nf6 5. Nc3 Nc6 6. Ndb5 d6 7. Bf4 e5 8. Bg5 a6 9. Na3 b5 10. Nd5 Be7 11. Bxf6 Bxf6 12. c3 0-0 13. Nc2 Bg5 14. a4 bxa4 15. Rxa4 a5 16. Bb5 Bb7 17. 0-0 Ne7 18. Nce3 Bxe3 19. Nxe3 d5 20. exd5 Nxd5 21. Nxd5 Bxd5 22. Qh5 Bxg2 23. Rh4 h6 24. Kxg2 Qd5+ 25. Kh3 Qxb5 26. Rg1 Qd3+ 27. Rg3 Qf1+ 28. Rg2 Ra6 29. Rhg4 g5 30. R4g3 Rf6 31. Rf3 Qd1 0-1

[Event "Novosibirsk op"]
[Site "Novosibirsk"]
[Date "2001.07.22"]
[Round "4"]
[White "Zinoviev, Sergey"]
[Black "Zarezenko, Ilya"]
[Result "0-1"]
[WhiteElo "2098"]
[BlackElo "2241"]
[PlyCount "64"]
[EventDate "2001.07.18"]
[EventType "swiss"]
[EventRounds "11"]
[EventCountry "RUS"]
[SourceTitle "CBM 083 Extra"]
[Source "ChessBase"]
[SourceDate "2001.09.11"]
[SourceVersion "1"]
[SourceVersionDate "2001.09.11"]
[SourceQuality "1"]

1. e4 c5 2. Nf3 e6 3. d4 cxd4 4. Nxd4 Nc6 5. Nc3 Qc7 6. Be2 a6 7. 0-0 Nf6 8. Be3 Be7 9. f4 d6 10. Bf3 0-0 11. a4 Re8 12. Nb3 b6 13. Qd2 Rb8 14. g4 Na5 15. Nxa5 bxa5 16. Rab1 Bb7 17. Qf2 Nd7 18. g5 Bf8 19. Bg2 Ba8 20. Bd4 Nb6 21. f5 Nc4 22. b3 Na3 23. fxe6 fxe6 24. Rbd1 e5 25. Ba7 Rb7 26. Bh3 Qe7 27. Nd5 Qxg5+ 28. Kh1 Qh6 29. Rd3 Qg6 30. Rf3 Qxe4 31. Bf5 Qxd5 32. Kg1 Rf7 0-1